Some American Countries (North And South) - Statistics

General Stats
  • This quiz has been taken 110 times
  • The average score is 11 of 15
Answer Stats
Hint Answer % Correct
Largest Size Canada
94%
2nd Most Populated Brazil
93%
Ends With -aica Jamaica
90%
3rd Most Populated Mexico
90%
Begins With El_ El Salvador
88%
Most Populated United States
87%
Has The Southernmost Town In The World Argentina
86%
Name Of A Popular Mexican Food Chile
85%
Between Panama And Brazil Colombia
78%
Has Llamas! (Only Country In The World That Has Them) Peru
78%
Has The Capital Of Bridgetown Barbados
59%
Smallest St.Kitts & Nevis
55%
Where The First Yo Mama Joke Was Told Belize
54%
The Capital Has The Same Name Of The Florida County That Is Above Jacksonville's County Bahamas
50%
Has The Most Sinkholes Guatemala
38%
No matching quizzes found
Score Distribution
Percent of People with Each Score
Percentile by Number Answered
Your Score History
You have not taken this quiz